| 000 | 01104nam a2200313 i 4500 | ||
|---|---|---|---|
| 003 | EG-ScBUE | ||
| 005 | 20240313110449.0 | ||
| 008 | 180522r19991987ua ab f b 001 0 eng d | ||
| 020 | _a9773051153 | ||
| 040 |
_aEG-ScBUE _beng _erda _cEG-ScBUE _dEG-ScBUE |
||
| 043 | _af-ua--- | ||
| 082 | 0 | 4 |
_a932 _bKAN _222 |
| 100 | 1 |
_aKanawati, Naguib, _eauthor. |
|
| 245 | 1 | 4 |
_aThe tomb and its significance in ancient Egypt / _cby Naguib Kanawati. |
| 250 | _aSecond printing. | ||
| 264 | 1 |
_aGiza, Egypt : _bMinistry of culture, Foreign Cultural Information Dept., _c1999. |
|
| 300 |
_a144 pages, [48] pages of plates : _billustrations (some color), maps ; _c24 cm. |
||
| 336 |
_2rdacontent _atext _btxt |
||
| 337 |
_aunmediated _2rdamedia _bn |
||
| 338 |
_avolume _bnc _2rdacarrier |
||
| 490 | 0 |
_aPrism Archaeological series ; _v3 |
|
| 504 | _aIncludes bibliographical references and index. | ||
| 650 | 7 |
_aTombs _zEgypt. _2BUEsh |
|
| 651 | 7 |
_aEgypt _xAntiquities. _2BUEsh _930792 |
|
| 653 |
_bGGEN _cMay2018 |
||
| 655 | _vReading book | ||
| 942 |
_2ddc _cBB |
||
| 999 |
_c26761 _d26733 |
||